| 000 | 00925nam0a2200277 4500 | ||
|---|---|---|---|
| 001 | RU\NLR\bibl\144222 | ||
| 005 | 20250618045604.0 | ||
| 021 |
_aRU _b98-41926 _92017 |
||
| 035 | _a(NLR Aleph) 000141293 | ||
| 090 |
_a808854 _c808854 |
||
| 100 | _a20010329d1998 |||y0rusy50 ca | ||
| 101 | 0 | _arus | |
| 102 | _aRU | ||
| 105 | _aa ||||||||| | ||
| 200 | 1 |
_aАзбука маленького пешехода _e6-8 лет _e[Раскраска _fХудож. В.М. Трофимов] |
|
| 210 |
_aДмитров (Моск. обл.) _cАнсел-Пресс _d1998 |
||
| 215 |
_a[17] с. _cил., цв. ил. _d28 |
||
| 225 | 1 | _aМама, купи мне эту книжку! | |
| 686 | _aШ9(2)60=Р7-8 | ||
| 801 | 0 |
_aRU _bNLR _c20010329 _gPSBO |
|
| 801 | 1 |
_aRU _bNLR _c20010329 |
|
| 852 |
_aNLR _j2000-8/2615 |
||
| 942 | _cBOOK | ||
| 980 | _aNB | ||